Follow trough / (Registro nro. 95898)

Detalles MARC
000 -LEADER
campo de control de longitud fija 00846nam a2200265 i 4500
001 - NÚMERO DE CONTROL
campo de control 95898
003 - IDENTIFICADOR DE NÚMERO DE CONTROL
campo de control ES-MaACL
007 - CAMPO FIJO DE DESCRIPCIÓN FÍSICA--INFORMACIÓN GENERAL
campo de control de longitud fija t|
008 - DATOS DE LONGITUD FIJA--INFORMACIÓN GENERAL
campo de control de longitud fija 050607s1986 sp ||||1| spa d
020 ## - NÚMERO INTERNACIONAL ESTÁNDAR DEL LIBRO
Número Internacional Estándar del Libro 84-205-1398-9
100 1# - ENTRADA PRINCIPAL--NOMBRE DE PERSONA
Nombre de persona McIver, Nick.
9 (RLIN) 79585
245 10 - MENCIÓN DEL TÍTULO
Título Follow trough /
Mención de responsabilidad, etc. Nick McIver; adaptación española, Juan Antonio Ollero.
250 ## - MENCION DE EDICION
Mención de edición 1ª ed.
260 ## - PUBLICACIÓN, DISTRIBUCIÓN, ETC.
Lugar de publicación, distribución, etc. Madrid :
Nombre del editor, distribuidor, etc. Alhambra,
Fecha de publicación, distribución, etc. 1986.
300 ## - DESCRIPCIÓN FÍSICA
Extensión 3 v. :
Otras características físicas il. ;
Dimensiones 26 cm +
Material acompañante/anejo 3 videocasetes y 3 audiocasetes.
490 1# - MENCIÓN DE SERIE
Mención de serie Alhambra idiomas
490 1# - MENCIÓN DE SERIE
Mención de serie BBC English by Television
700 1# - ENTRADA AGREGADA--NOMBRE PERSONAL
Nombre de persona Ollero, Juan Antonio.
9 (RLIN) 86922
830 0# - PUNTO DE ACCESO ADICIONAL DE SERIE-TÍTULO UNIFORME
Título uniforme Alhambra idiomas
9 (RLIN) 232220
830 0# - PUNTO DE ACCESO ADICIONAL DE SERIE-TÍTULO UNIFORME
Título uniforme BBC English by Television
9 (RLIN) 232221
852 ## - LOCALIZACIÓN
Ubicación ES-MaACL
Número de control de estantería G-6597-99
Sublocalización o colección R.112558
852 ## - LOCALIZACIÓN
Ubicación ES-MaACL
Número de control de estantería G-6600-2
Sublocalización o colección R.112559
852 ## - LOCALIZACIÓN
Ubicación ES-MaACL
Número de control de estantería G-7146-8
Sublocalización o colección R.112560
Existencias
Estatus retirado Estado de pérdida Estado de daño No para préstamo Biblioteca de origen Biblioteca actual Ubicación en estantería Fecha de adquisición Fuente de adquisición Total de préstamos Signatura topográfica completa Código de barras Visto por última vez Precio de reemplazo Tipo de ítem Koha
        Biblioteca del Ateneo de Madrid Biblioteca del Ateneo de Madrid Depósito 2 17/01/2008     G-7146-8 1100133 23/02/2023 23/02/2023 Libro impreso
        Biblioteca del Ateneo de Madrid Biblioteca del Ateneo de Madrid Depósito 2 17/01/2008     G-6597-99 1100131 23/02/2023 23/02/2023 Libro impreso
        Biblioteca del Ateneo de Madrid Biblioteca del Ateneo de Madrid Depósito 2 17/01/2008     G-6600-2 1100132 23/02/2023 23/02/2023 Libro impreso